000 nam a22 7a 4500
999 _c9226
_d9226
008 180124b ||||| |||| 00| 0 eng d
100 _aJagadisan S
_95484
245 _aCommon Errors in English
260 _aNew Delhi
_bNeel Kamal Publication
_c2007